Kader des 1.FC Köln 2024/25 - Statistiken

Allgemein
  • Dieses Quiz wurde 124 mal gespielt
  • Das Durchschnittsergebnis liegt bei 19 aus 28
Antwortstatistiken
Position Antwort % Korrekt
TW Marvin Schwäbe
96%
TW Jonas Urbig
91%
ABW Timo Hübers
89%
MF Florian Kainz
85%
ANG Damion Downs
83%
MF Eric Martel
82%
MF Jan Thielmann
77%
ANG Linton Maina
77%
MF Mark Uth
74%
ABW Max Finkgräfe
73%
ANG Steffen Tigges
73%
ANG Tim Lemperle
72%
ABW Dominique Heintz
71%
MF Dejan Ljubicic
70%
MF Denis Huseinbasic
70%
ANG Luca Waldschmidt
67%
ABW Julian Pauli
65%
ABW Luca Kilian
62%
ABW Leart Paqarada
61%
ABW Rasmus Carstensen
61%
ANG Sargis Adamyan
59%
TW Philipp Pentke
58%
TW Matthias Köbbing
57%
MF Jacob Christensen
52%
MF Mathias Olesen
51%
ANG Florian Dietz
49%
ABW Elias Bakatukanda
45%
MF Marvin Obuz
35%
Keine übereinstimmenden Quizze gefunden
Verteilung der Resultate
Anzahl Personen mit jedem Resultat
Perzentil nach korrekt beantworteten Fragen
Ihre Resultats-Entwicklung
Sie haben dieses Quiz noch nicht gespielt